[Event "Washington Open Championship"]
[Site "Lynnwood, WA"]
[Date "2016.05.28"]
[Round "1"]
[White "Tarjan James  (OR)"]
[Black "Rowles Steve  (WA)"]
[Result "1-0"]
[WhiteElo "2515"]
[BlackElo "1919"]
[Annotator ""]
[Source ""]
[Remark "Open"]

1.c4 e5 2.Nc3 Nf6 3.g3 Bc5 4.Bg2 O-O 5.Nf3 Nc6 6.O-O d6 7.e3
Bg4 8.h3 Bxf3 9.Qxf3 a6 10.b3 Rb8 11.Bb2 Ne7 12.Rad1 Ba7 13.Qe2
c6 14.f4 Qc7 15.fxe5 dxe5 16.Rxf6 gxf6 17.Qg4+ Kh8 18.Qh4 Ng6
19.Qxf6+ Kg8 20.Ne4 Qd8 21.Rf1 Qxf6 22.Nxf6+ Kg7 23.Nd7 Rfd8
24.Nxb8 Rxd2 25.Bc1 Rc2 26.Nxc6 bxc6 27.Kh1 Rxa2 28.Bxc6 Ra1
29.Kg2 Ne7 30.Ba4 e4 31.Bb2+ 1-0

[Event "Washington Open Championship"]
[Site "Lynnwood, WA"]
[Date "2016.05.28"]
[Round "1"]
[White "Elisara Travis  (WA)"]
[Black "Fournier David  (MA)"]
[Result "1-0"]
[WhiteElo "1676"]
[BlackElo "1416"]
[Annotator ""]
[Source ""]
[Remark "Reserve"]

1.f4 e6 2.Nf3 Nf6 3.b3 Be7 4.Bb2 O-O 5.e3 d5 6.Be2 Nbd7 7.O-O
c5 8.Ne5 Bd6 9.d3 Qc7 10.Nxd7 Nxd7 11.Qe1 Be7 12.e4 dxe4 13.dxe4
f6 14.Nc3 a6 15.Qg3 b5 16.Rad1 Bb7 17.Bg4 f5 18.Bxf5 exf5 19.Nd5
Nf6 20.Nxc7 Bxe4 21.Nxa8 Rxa8 22.Rd7 Kf8 23.Rxe7 Kxe7 24.Qxg7+
Kd6 25.Be5+ Kc6 26.Qxf6+ Kb7 27.Qe7+ Kb6 28.Qc7# 1-0

[Event "Washington Open Championship"]
[Site "Lynnwood, WA"]
[Date "2016.05.28"]
[Round "1"]
[White "Jennings Austin  (WA)"]
[Black "Varner Murlin  (WA)"]
[Result "1-0"]
[WhiteElo "1105"]
[BlackElo "1569"]
[Annotator ""]
[Source ""]
[Remark "Reserve"]

1.c4 e5 2.Nc3 Nf6 3.Nf3 e4 4.Ng5 b6 5.Ngxe4 Nxe4 6.Nxe4 Bb7 7.Qc2
Qh4 8.Ng3 Bc5 9.e3 O-O 10.d4 Bd6 11.Nf5 Qf6 12.Nxd6 Qxd6 13.f3
Nc6 14.a3 Rae8 15.Bd3 Qxd4 ( 15...Nxd4 ) 16.Bxh7+ Kh8 17.O-O
Qh4 18.Be4 Re6 19.b4 Rh6 20.g3 Qf6 21.Bb2 Qe6 22.Qc3 f6 23.Rad1
Nd8 24.Bxb7 Nxb7 25.Qd4 Qh3 26.Rf2 Nd6 27.e4 Rd8 28.c5 Nf7 29.cxb6
axb6 30.Qc3 c6 31.a4 Ng5 32.Bc1 Qh5 33.Bxg5 Qxg5 34.Qd4 c5 35.bxc5
bxc5 36.Qd2 Qe5 37.Qa5 Qe7 38.Rc2 d6 39.Rxc5 Rd7 40.Rcd5 Ra7
41.Qb4 Qc7 42.Rxd6 Rb7 43.Qd2 Qc5+ 44.Qd4 Qc2 45.Rd2 Rb1+ 46.Kf2
Rxh2+ 47.Ke3 Re1+ {??} ( 47...Rxd2 48.Rd8+ Kh7 49.Qxd2 Qc5+ 50.Ke2
Rh1 51.Kd3 Rf1 52.e5 Rxf3+ $17 ) 48.Kf4 g5+ 49.Kf5 Qc8+ 50.Re6
Rh6 51.Qd7 Qc5+ 52.Rd5 Qf8 53.Re8 1-0

[Event "Washington Open Championship"]
[Site "Lynnwood, WA"]
[Date "2016.05.28"]
[Round "1"]
[White "Lavoice Richard  (WA)"]
[Black "Feng Roland  (WA)"]
[Result "0-1"]
[WhiteElo "1918"]
[BlackElo "2430"]
[Annotator ""]
[Source ""]
[Remark "Open"]

1.f4 Nf6 2.Nf3 g6 3.g3 Bg7 4.Bg2 O-O 5.d3 d5 6.O-O c5 7.Qe1 d4
8.Na3 Nc6 9.Bd2 h6 10.c4 e5 11.Nxe5 Nxe5 12.fxe5 Ng4 13.Nc2 Rb8
14.b4 b6 15.Rb1 Be6 16.h3 Nxe5 17.g4 b5 18.cxb5 c4 19.dxc4 Bxc4
20.a4 d3 21.exd3 Bxd3 22.Bxh6 Bxh6 23.Qxe5 Bxc2 24.Rbe1 Bg7 25.Qe7
Bxa4 26.Qxd8 Rbxd8 27.Re7 Bxb5 0-1

[Event "Washington Open Championship"]
[Site "Lynnwood, WA"]
[Date "2016.05.28"]
[Round "1"]
[White "Velea Anne-Marie  (WA)"]
[Black "Reeves Jasen  (WA)"]
[Result "0-1"]
[WhiteElo "1269"]
[BlackElo "1644"]
[Annotator ""]
[Source ""]
[Remark "Reserve"]

1.e4 e5 2.Nf3 Nc6 3.Nc3 Nf6 4.Bb5 a6 5.Bc4 b5 6.Bb3 Bc5 7.O-O
d6 8.h3 O-O 9.d3 h6 10.Qe2 Bb7 11.Nd5 Nd4 12.Nxf6+ Qxf6 13.Qd2
Nxb3 14.axb3 Qe6 15.Re1 f5 16.Qc3 fxe4 17.dxe4 Rf4 18.Qd3 Qg6
19.Re2 Bxe4 20.Rxe4 Qxe4 21.Qxe4 Rxe4 22.b4 Bb6 23.Kf1 Rf4 24.Bd2
Rf7 25.b3 e4 26.Nh2 Rxf2+ 27.Ke1 e3 28.Bc3 e2 29.g3 {Some guessing involved here.  Moves may not be quite as represented, but looks close.}
 0-1

[Event "Washington Open Championship"]
[Site "Lynnwood, WA"]
[Date "2016.05.28"]
[Round "1"]
[White "Casey Braxton  (WA)"]
[Black "Kuhner Mary  (WA)"]
[Result "0-1"]
[WhiteElo "1555"]
[BlackElo "1993"]
[Annotator ""]
[Source ""]
[Remark "Open"]

1.c4 e6 2.e4 d5 3.exd5 exd5 4.d4 Nf6 5.Nc3 c6 6.Nf3 Be7 7.Bd3
dxc4 8.Bxc4 Nbd7 9.O-O O-O 10.Ne5 Nb6 11.Bb3 Nbd5 12.Qf3 Be6
13.g4 Nd7 14.Qg2 Nxe5 15.dxe5 Nxc3 16.bxc3 Qa5 17.Bxe6 fxe6 18.f4
Qxc3 19.Bd2 Qd4+ 20.Kh1 Rad8 21.Rad1 Rxf4 22.Bxf4 Qxd1 23.Rxd1
Rxd1+ 24.Qg1 Rxg1+ 25.Kxg1 Kf7 26.Kf2 Kg6 27.Kg3 h5 0-1

[Event "Washington Open Championship"]
[Site "Lynnwood, WA"]
[Date "2016.05.28"]
[Round "2"]
[White "Varner Murlin  (WA)"]
[Black "Sunku Charith  (WA)"]
[Result "1-0"]
[WhiteElo "1569"]
[BlackElo "1150"]
[Annotator ""]
[Source ""]
[Remark "Reserve"]

1.c4 c6 2.Nc3 Nf6 3.g3 d5 4.cxd5 cxd5 5.Bg2 Nc6 6.Nf3 e5 7.Qa4
Bc5 8.Nxe5 Qd6 9.Nxc6 bxc6 10.d4 Bb6 11.Bf4 Qe7 12.Qxc6+ Qd7
13.Qxa8 O-O 14.Nxd5 Nxd5 15.Qxd5 Qxd5 16.Bxd5 Bxd4 17.O-O Re8
18.Rac1 Ba6 19.Rfe1 g6 20.Rc7 Rf8 21.Bd6 Rd8 22.Bxf7+ Kh8 23.e3
Bb6 24.Be5# 1-0

[Event "Washington Open Championship"]
[Site "Lynnwood, WA"]
[Date "2016.05.28"]
[Round "1"]
[White "Haining Breck  (WA)"]
[Black "Chivers Roman  (WA)"]
[Result "1-0"]
[WhiteElo "1303"]
[BlackElo "1094"]
[Annotator ""]
[Source ""]
[Remark "Booster"]

1.e4 e5 2.Nf3 Nf6 3.Nc3 Bb4 4.Bd3 c6 5.Nxe5 d5 6.exd5 Qe7 7.Qe2
cxd5 8.Nf3 Be6 9.O-O O-O 10.Bf5 Qd7 11.Bxe6 fxe6 12.Qb5 Bxc3
13.Qxd7 Nbxd7 14.dxc3 Ne4 15.Nd4 Rf6 16.f3 Raf8 17.Be3 Nd6 18.Bg5
R6f7 19.Nxe6 Re8 20.Nc7 Re6 21.Bh4 Re2 22.Nxd5 Nf5 23.Bg3 Nxg3
24.hxg3 Rf5 25.Rad1 Rg5 26.Rf2 Ree5 27.Nb4 Nf6 28.f4 Ng4 29.fxg5
Nxf2 30.Kxf2 Rxg5 31.Rd4 Rf5+ 32.Rf4 Re5 33.Nd3 Ra5 34.a3 Rb5
35.Kf3 g5 36.Re4 Rf5+ 37.Kg4 Rf8 38.Kxg5 h6+ 39.Kg6 b5 40.Re7
b4 41.axb4 a5 42.bxa5 h5 43.Ne5 h4 44.gxh4 Kh8 45.Nf7+ Kg8 46.Nh6+ 1-0

[Event "Washington Open Championship"]
[Site "Lynnwood, WA"]
[Date "2016.05.28"]
[Round "1"]
[White "Valeriote Cecelia  (WA)"]
[Black "Sheehan Timothy  (WA)"]
[Result "0-1"]
[WhiteElo "1030"]
[BlackElo "1255"]
[Annotator ""]
[Source ""]
[Remark "Booster"]

1.d4 e6 2.c4 f5 3.Nf3 Nf6 4.Bg5 Be7 5.Nc3 O-O 6.e3 b6 7.Be2 Bb7
8.O-O Ne4 9.Qc2 Nxg5 10.Nxg5 Bxg5 11.d5 e5 12.e4 f4 13.Bf3 d6
14.Rab1 Nd7 15.b4 Bc8 16.Rfd1 Qf6 17.Nb5 Qh6 18.Nxc7 Nf6 19.Qe2
Bd7 20.Ne6 Rfe8 21.h3 Bxe6 22.dxe6 Rxe6 23.Rbc1 Nd7 24.c5 bxc5
25.Qc4 Qg6 26.bxc5 Kh8 27.c6 Nb6 28.Qa6 Bd8 29.c7 Bxc7 30.Rxc7
Rb8 31.Qxa7 Ree8 32.Rb7 Rxb7 33.Qxb7 Nc8 34.Rc1 Ne7 35.a4 Qf6
36.a5 Qf8 37.a6 Rb8 38.Qc7 Rc8 39.Qa5 Rxc1+ 40.Kh2 Rc8 41.Bg4
Ra8 42.Be2 Nc6 43.Qd5 Nb4 44.Qb7 Qb8 45.Qd7 Nxa6 46.Qf5 Nc5 47.Bg4
Qf8 48.Qh5 g6 49.Qh6 Qxh6 0-1

[Event "Washington Open Championship"]
[Site "Lynnwood, WA"]
[Date "2016.05.28"]
[Round "1"]
[White "Bonrud Neal  (WA)"]
[Black "Dixon Dakota  (WA)"]
[Result "0-1"]
[WhiteElo "1798"]
[BlackElo "2154"]
[Annotator ""]
[Source ""]
[Remark "Open"]

1.e4 c5 2.Nc3 Nc6 3.f4 g6 4.Nf3 Bg7 5.Bb5 Nd4 6.a4 e6 7.O-O Ne7
8.Kh1 O-O 9.Be2 Nec6 10.d3 d6 11.Nb5 a6 12.Nbxd4 cxd4 13.Qe1
Bd7 14.b3 Re8 15.Ba3 Qc7 16.Qf2 b5 17.axb5 axb5 18.Bb2 Rxa1 19.Rxa1
e5 20.Bd1 exf4 21.Kg1 Qb6 22.c3 f5 23.exf5 Bxf5 24.Bc2 h6 25.Nh4
Bg4 26.Bd1 Ne5 27.cxd4 Nxd3 28.Qd2 Re1+ 29.Qxe1 Nxe1 30.Ra8+
Kf7 31.Bxg4 Nd3 0-1

[Event "Washington Open Championship"]
[Site "Lynnwood, WA"]
[Date "2016.05.28"]
[Round "1"]
[White "Wang James  (WA)"]
[Black "Walsh Ciaran  (WA)"]
[Result "1-0"]
[WhiteElo "1913"]
[BlackElo "1449"]
[Annotator ""]
[Source ""]
[Remark "Open"]

1.e4 c5 2.Nf3 Nc6 3.d4 cxd4 4.Nxd4 g6 5.Nc3 Bg7 6.Be3 Nf6 7.Bc4
d6 8.f3 Bd7 9.Qd2 Rc8 10.Bb3 O-O 11.g4 Na5 12.h4 e5 13.Nde2 Nxb3
14.axb3 Qe7 15.h5 a6 16.O-O-O Rfd8 17.hxg6 fxg6 18.Qxd6 Qxd6
19.Rxd6 Bc6 20.Rhd1 Re8 21.Na2 Rc7 22.Nb4 Bb5 23.Nc3 Rce7 24.Nxb5
axb5 25.Rb6 1-0

[Event "Washington Open Championship"]
[Site "Lynnwood, WA"]
[Date "2016.05.28"]
[Round "1"]
[White "Doknjas Neil  (CAN)"]
[Black "Collyer Curt  (WA)"]
[Result "0-1"]
[WhiteElo "1879"]
[BlackElo "2311"]
[Annotator ""]
[Source ""]
[Remark "Open"]

1.e4 e6 2.d4 d5 3.Nc3 Nf6 4.Bg5 Be7 5.e5 Nfd7 6.Bxe7 Qxe7 7.f4
a6 8.Nf3 c5 9.dxc5 Nc6 10.Qd2 Qxc5 11.Bd3 Nb6 12.O-O-O Bd7 13.g4
h6 14.f5 O-O-O 15.Qf4 Qb4 16.Qxb4 Nxb4 17.fxe6 fxe6 18.Be2 Nc6
19.Rhf1 Rdf8 20.Bd3 Rf4 21.h3 Rhf8 22.Be2 Be8 23.Kd2 d4 24.Nb1
Nd5 25.Nh2 Ne3 26.Rxf4 Rxf4 27.Rg1 Nxe5 28.c3 Rf2 29.cxd4 N5c4+
30.Kd3 Bg6+ 0-1

[Event "Washington Open Championship"]
[Site "Lynnwood, WA"]
[Date "2016.05.28"]
[Round "2"]
[White "Hawkins Nicholas  (ID)"]
[Black "Sinanan Joshua  (WA)"]
[Result "0-1"]
[WhiteElo "1823"]
[BlackElo "2200"]
[Annotator ""]
[Source ""]
[Remark "Open"]

1.e4 c5 2.Nc3 Nc6 3.g3 g6 4.Bg2 Bg7 5.d3 d6 6.Be3 Rb8 7.Qd2 b5
8.Nge2 b4 9.Nd1 e5 10.O-O Nge7 11.Bh6 O-O 12.Bxg7 Kxg7 13.f4
f5 14.Ne3 Qc7 15.exf5 Bxf5 16.g4 Bd7 17.f5 gxf5 18.Nxf5+ Bxf5
19.gxf5 Kh8 20.f6 Ng6 21.Qg5 Nd4 22.Nxd4 cxd4 23.Rae1 Rg8 24.f7
Rg7 25.Qf6 Rf8 0-1

[Event "Washington Open Championship"]
[Site "Lynnwood, WA"]
[Date "2016.05.28"]
[Round "1"]
[White "Tien Sophie  (WA)"]
[Black "Cicio Daniel  (WA)"]
[Result "1/2-1/2"]
[WhiteElo "1619"]
[BlackElo "1175"]
[Annotator ""]
[Source ""]
[Remark "Reserve"]

1.e4 e6 2.d4 d5 3.Nd2 dxe4 4.Nxe4 Bd7 5.Nf3 Bc6 6.Bd3 Nd7 7.c3
Ngf6 8.Qe2 Be7 9.O-O O-O 10.Nxf6+ Nxf6 11.Ne5 Qd5 12.Nxc6 Qxc6
13.Bg5 Qd7 14.Rfe1 Rac8 15.Bxf6 Bxf6 16.Qe4 g6 17.Qxb7 Rb8 18.Qf3
Bg7 19.Rab1 Rfe8 20.Be4 Rb6 21.Re2 f5 22.Bc2 e5 23.Bb3+ Kf8 24.dxe5
Bxe5 25.Rbe1 Qg7 26.Qd5 Rbe6 27.Qc5+ Bd6 28.Qc4 Rxe2 29.Rxe2
Rxe2 30.Qxe2 Qe5 31.Qxe5 Bxe5 32.h3 h5 33.Kf1 h4 34.Ke2 Ke7 35.Kf3
g5 36.Bc4 Bf4 37.Bf1 Bc1 38.b3 Bb2 39.c4 c5 40.g3 hxg3 41.fxg3
Kf6 42.Bd3 Ke5 43.Bc2 Bc1 44.Bd1 Kd4 45.h4 gxh4 1/2-1/2

[Event "Washington Open Championship"]
[Site "Lynnwood, WA"]
[Date "2016.05.28"]
[Round "1"]
[White "He Daniel  (WA)"]
[Black "Le Blanc Paul  (CAN)"]
[Result "1-0"]
[WhiteElo "2287"]
[BlackElo "1879"]
[Annotator ""]
[Source ""]
[Remark "Open"]

1.c4 c6 2.e4 d5 3.exd5 cxd5 4.cxd5 Qxd5 5.Nc3 Qa5 6.Nf3 Nf6 7.d4
e6 8.Bd3 Nc6 9.O-O Be7 10.a3 O-O 11.Be3 a6 12.b4 Qc7 13.Rc1 Bd7
14.Bb1 Rac8 15.Qd3 Rfd8 16.Ng5 g6 17.Nge4 Qb8 18.Rfd1 Na7 19.Bg5
Kg7 20.Qf3 Nxe4 21.Bxe7 Nxc3 22.Bf6+ Kg8 23.Rxc3 Rxc3 24.Qxc3
Rc8 25.Qe3 Qd6 26.h4 Nb5 27.Qg5 Nc3 28.Be5 f6 29.Qxf6 Qf8 30.Qh8+
Kf7 31.Qxh7+ Ke8 32.Bxg6+ 1-0

[Event "Washington Open Championship"]
[Site "Lynnwood, WA"]
[Date "2016.05.28"]
[Round "1"]
[White "Merrikin David  (WA)"]
[Black "Smith Catherine M  (WA)"]
[Result "1-0"]
[WhiteElo "1196"]
[BlackElo "1624"]
[Annotator ""]
[Source ""]
[Remark "Reserve"]

1.c4 d5 2.cxd5 Qxd5 3.Nf3 Nf6 4.g3 e6 5.Bg2 Qd8 6.Qc2 Nc6 7.a3
Be7 8.d3 Bd7 9.Nc3 a6 10.O-O O-O 11.Bg5 h6 12.Bf4 Bd6 13.Bxd6
cxd6 14.d4 d5 15.Rac1 Rc8 16.Qb1 b5 17.Rfd1 Na5 18.b3 Qe7 19.b4
Nc4 20.Qb3 Rc7 21.Ne1 Rfc8 22.Nd3 a5 23.Nc5 a4 24.Qa2 Bc6 25.h3
Nd7 26.Kh2 Nxc5 27.bxc5 Qf6 28.Rd3 Qg5 29.f4 Qf5 30.Rf1 Re8 31.Qa1
f6 32.Na2 g5 33.Nb4 Ree7 34.Qc1 Qg6 35.Qe1 f5 36.Qb1 Be8 37.Qc1
g4 38.Kg1 gxh3 39.Bxh3 Qh5 40.Bg2 Qxe2 41.Bf3 Qb2 42.Qe1 Nxa3
43.Rf2 Qb1 44.Qxb1 Nxb1 45.Rb2 Rg7 46.Kf2 a3 47.Rxb1 Ra7 48.Ra1
Ra4 49.Rb3 Rga7 50.Be2 Kf8 51.Ra2 Ke7 52.Nc2 R4a5 53.Rbxa3 Rxa3
54.Rxa3 Rb7 55.Nb4 Rb8 56.Ra7+ Kd8 57.Ke3 1-0

[Event "Washington Open Championship"]
[Site "Lynnwood, WA"]
[Date "2016.05.28"]
[Round "2"]
[White "Fournier David  (MA)"]
[Black "Christy John  (WA)"]
[Result "1/2-1/2"]
[WhiteElo "1416"]
[BlackElo "1527"]
[Annotator ""]
[Source ""]
[Remark "Reserve"]

1.e4 e5 2.Nf3 Nf6 3.Bc4 Nxe4 4.Bxf7+ Kxf7 5.Nxe5+ Kg8 6.O-O Nc6
7.Nf3 d5 8.h3 Be7 9.d3 Ng5 10.Bxg5 Bxg5 11.Re1 Bd7 12.c3 Qf6
13.Qb3 Be6 14.Nxg5 Qxg5 15.Rxe6 Qc1+ 16.Kh2 Qf4+ 17.Kg1 Qc1+
18.Kh2 Qf4+ 19.Kh1 Qc1+ 20.Kh2 1/2-1/2

[Event "Washington Open Championship"]
[Site "Lynnwood, WA"]
[Date "2016.05.28"]
[Round "2"]
[White "Collyer Curt  (WA)"]
[Black "Rozenfeld Yevgeniy  (WA)"]
[Result "1-0"]
[WhiteElo "2314"]
[BlackElo "1973"]
[Annotator ""]
[Source ""]
[Remark "Open"]

1.d4 g6 2.c4 Bg7 3.Nc3 d6 4.e4 Nd7 5.Be3 e5 6.Nge2 Ne7 7.g3 O-O
8.Bg2 exd4 9.Bxd4 Ne5 10.f4 Nxc4 11.Bxg7 Ne3 12.Bxf8 Nxd1 13.Bxe7
Qxe7 14.Rxd1 c6 15.O-O Bg4 16.Rf2 Rd8 17.h3 Be6 18.Nd4 f6 19.Nxe6
Qxe6 20.Rfd2 Kg7 21.Kh2 h5 22.h4 Qe7 23.Ne2 Qe6 24.b3 c5 25.Rd5
b6 26.f5 gxf5 27.Nf4 Qe7 28.Rxf5 Rf8 29.Rf1 b5 30.Nxh5+ Kg6 31.e5
Kh7 32.Nxf6+ Rxf6 33.exf6 Qf8 34.Be4 1-0

[Event "Washington Open Championship"]
[Site "Lynnwood, WA"]
[Date "2016.05.28"]
[Round "2"]
[White "Kuhner Mary  (WA)"]
[Black "He Daniel  (WA)"]
[Result "0-1"]
[WhiteElo "1933"]
[BlackElo "2287"]
[Annotator ""]
[Source ""]
[Remark "Open"]

1.e4 c5 2.Nf3 a6 3.c3 e6 4.d4 d5 5.e5 Bd7 6.a4 Nc6 7.Be3 cxd4
8.Bxd4 Nge7 9.Bd3 Nxd4 10.Nxd4 Ng6 11.Bxg6 hxg6 12.Nd2 Qg5 13.N2f3
Qxg2 14.Rg1 Qh3 15.Qb3 Rb8 16.O-O-O Bc5 17.Rg3 Qh6+ 18.Kb1 b5
19.Rh1 Qf4 20.h3 Qe4+ 21.Ka1 Qd3 22.Rd1 Qc4 23.Qxc4 bxc4 24.a5
Be7 25.b4 cxb3 26.Rb1 Ba4 27.Nd2 Rh5 28.f4 Rh4 29.Rf3 Kd7 30.N2xb3
Rhh8 31.Ka2 Rhc8 32.Nd2 Rxb1 33.Kxb1 Bd8 34.N2b3 Rb8 35.Ka2 Bxb3+
36.Nxb3 Rb5 37.Rd3 Kc8 38.Rd4 Bxa5 39.Ra4 Bxc3 40.Rxa6 Kb7 41.Rd6
Kc7 42.Ra6 g5 43.fxg5 Bxe5 0-1

[Event "Washington Open Championship"]
[Site "Lynnwood, WA"]
[Date "2016.05.29"]
[Round "3"]
[White "Sinanan Joshua  (WA)"]
[Black "Arganian David (WA)"]
[Result "1-0"]
[WhiteElo "2200"]
[BlackElo "2013"]
[Annotator ""]
[Source ""]
[Remark "Open"]

1.d4 Nf6 2.c4 e6 3.g3 d5 4.Nf3 dxc4 5.Bg2 Be7 6.O-O O-O 7.Qc2
a6 8.a4 Bd7 9.Qxc4 Bc6 10.Bf4 a5 11.Nc3 Na6 12.Rfd1 h6 13.Rac1
Bb4 14.Ne5 Bxg2 15.Kxg2 Bxc3 16.bxc3 Nd5 17.Qd3 Nxf4+ 18.gxf4
c6 19.Kh1 Qh4 20.Qf3 Rfd8 21.Rg1 f5 22.Rg6 Kh7 23.Rcg1 Rg8 24.Rxe6
Nc7 25.Ng6 Qd8 26.Re5 Nd5 27.Qd3 1-0

[Event "Washington Open Championship"]
[Site "Lynnwood, WA"]
[Date "2016.05.28"]
[Round "2"]
[White "Dixon Dakota  (WA)"]
[Black "Miller Travis  (ID)"]
[Result "1-0"]
[WhiteElo "2154"]
[BlackElo "1869"]
[Annotator ""]
[Source ""]
[Remark "Open"]

1.d4 e6 2.c4 b6 3.a3 Bb7 4.Nc3 f5 5.d5 Nf6 6.g3 Na6 7.Bg2 Nc5
8.Qc2 a5 9.b3 Bd6 10.Nh3 O-O 11.O-O Nce4 12.dxe6 dxe6 13.Ng5
Be5 14.Nxe6 Qc8 15.Nxf8 Bxc3 16.Rb1 Be5 17.Nxh7 Nxh7 18.Bb2 Qe6
19.Bxe5 Qxe5 20.Qb2 Qe6 21.Qd4 Nhg5 22.Rbd1 f4 23.Qd7 Qe5 24.Qd4
Qe6 25.gxf4 Nh3+ 26.Bxh3 Qxh3 27.f3 Nf6 28.Rf2 c5 29.Qe5 Nh5
30.f5 Bc6 31.Qe6+ Kh7 32.Qg6+ 1-0

[Event "Washington Open Championship"]
[Site "Lynnwood, WA"]
[Date "2016.05.28"]
[Round "1"]
[White "Pupols Viktors  (WA)"]
[Black "Hawkins Nicholas  (ID)"]
[Result "1/2-1/2"]
[WhiteElo "2200"]
[BlackElo "1823"]
[Annotator ""]
[Source ""]
[Remark "Open"]

1.d4 e6 2.g3 Nf6 3.Bg2 d5 4.c4 b6 5.cxd5 Nxd5 6.Nf3 Nd7 7.O-O
Bb7 8.e4 N5f6 9.e5 Nd5 10.Nc3 Be7 11.Ne4 O-O 12.Nfg5 h6 13.Nh3
Re8 14.f4 f5 15.exf6 N7xf6 16.Nhf2 Qc8 17.Re1 Nxe4 18.Nxe4 Nf6
19.Qe2 Nxe4 20.Bxe4 Bf6 21.Bxb7 Bxd4+ 22.Be3 Bxe3+ 23.Qxe3 Qxb7
24.Rad1 Qc6 25.Rd3 Re7 26.Red1 Qe8 27.Qe5 Qf7 28.b4 Qf5 29.Qe2
Rf8 30.Re3 Qg6 31.Kh1 Rf5 32.Re1 Kf7 33.Re4 h5 34.Rd1 a5 35.a3
axb4 36.axb4 c5 37.b5 Rb7 38.Rd6 Rf6 39.Re5 h4 40.Rg5 Qb1+ 41.Rd1
Qb3 42.Rd3 Qxb5 43.Qh5+ Kg8 44.Rd8+ Rf8 45.Rxf8+ Kxf8 46.Qh8+
Ke7 47.Qxg7+ Kd6 48.Qe5+ Kd7 49.Rg7+ Kc8 50.Rg8+ Kd7 51.Qg7+
Kc6 52.Rc8+ Kd6 53.Rd8+ Rd7 54.Qe5+ Ke7 55.Qg5+ Kd6 56.Qe5+ 1/2-1/2

[Event "Washington Open Championship"]
[Site "Lynnwood, WA"]
[Date "2016.05.28"]
[Round "1"]
[White "Rupel David  (WA)"]
[Black "Zhang Zachary  (WA)"]
[Result "1-0"]
[WhiteElo "2057"]
[BlackElo "1729"]
[Annotator ""]
[Source ""]
[Remark "Open"]

1.d4 f5 2.Bg5 g6 3.e3 Bg7 4.Bc4 Nf6 5.Nd2 e6 6.h4 h6 7.Bf4 O-O
8.c3 d6 9.Ngf3 Kh8 10.Qc2 Qe8 11.O-O-O Ng4 12.Rdf1 b5 13.Be2
e5 14.dxe5 dxe5 15.Bh2 c5 16.Ne1 Nxh2 17.Rxh2 Be6 18.h5 g5 19.e4
c4 20.Qd1 Nd7 21.exf5 Bxf5 22.Bg4 Nc5 23.Bxf5 Rxf5 24.f3 Rd8
25.g4 Rf4 26.Qe2 Qd7 27.Ng2 Nd3+ 28.Kb1 Rff8 29.Ne4 Nf4 30.Nxf4
exf4 31.Qc2 Qd3 32.Qxd3 Rxd3 33.Kc2 Rfd8 34.Rd2 Rxd2+ 35.Nxd2
Kg8 36.Re1 Kf7 37.Re4 Rd3 38.Kd1 Bf8 39.Ke2 Bc5 40.Re5 Re3+ 41.Rxe3
Bxe3 42.Ne4 Ke7 43.Kd1 a6 44.Kc2 Ke6 45.b3 cxb3+ 46.Kxb3 a5 47.c4
b4 48.c5 Kd5 49.Nf6+ Kxc5 50.Ng8 Kb5 51.Nxh6 a4+ 52.Kc2 Bd4 53.Nf7
Bf6 54.Nd6+ Kc6 55.Ne4 Bg7 56.Nxg5 Kc5 57.Ne4+ Kc4 58.Nd6+ Kd5
59.Nf5 Bf6 60.h6 Kc4 61.Nd6+ Kd5 62.Ne4 Bh8 63.g5 b3+ 64.axb3
a3 65.Kb1 Kd4 66.g6 Ke3 67.g7 Bxg7 68.hxg7 Kxf3 69.Ng5+ Kf2 70.g8Q 1-0

[Event "Washington Open Championship"]
[Site "Lynnwood, WA"]
[Date "2016.05.28"]
[Round "2"]
[White "Baldwin Christopher  (WA)"]
[Black "Bravo Angelo  (WA)"]
[Result "1-0"]
[WhiteElo "1699"]
[BlackElo "1600"]
[Annotator ""]
[Source ""]
[Remark "Reserve"]

1.d4 c6 2.c4 d6 3.Nc3 g6 4.h3 Bg7 5.e4 Nd7 6.Nf3 Qc7 7.Be3 Ngf6
8.Qd2 O-O 9.Bh6 e5 10.Bxg7 Kxg7 11.Bd3 Re8 12.d5 Nc5 13.Bc2 Bd7
14.b4 Na6 15.a3 Rac8 16.dxc6 bxc6 17.Rc1 Be6 18.Bb3 Qb8 19.O-O
Rcd8 20.Qe2 Nh5 21.Ng5 Nc7 22.Ba4 Nf4 23.Nxe6+ Ncxe6 24.Qa2 Qb6
25.Bd1 Nd4 26.Ne2 Nfxe2+ 27.Bxe2 f5 28.exf5 Nxf5 29.Kh1 Rf8 30.c5
dxc5 31.Rxc5 Qb8 32.Rxc6 Nd4 33.Rc5 Rf6 34.f3 Nf5 35.Rfc1 Ng3+
36.Kg1 Qb6 37.Kh2 Nh5 38.Rxe5 Qb8 39.Rcc5 Rf5 40.Qe6 Nf4 41.Qc4
Rxe5 {??} ( 41...Nd5 $17 {/} $19 ) 42.Rc7+ Kh8 43.Qf7 Qxc7 44.Qxc7
Rde8 45.Bc4 R8e7 46.Qd8+ Kg7 47.Qg8+ Kh6 48.Qf8+ Kg5 49.h4+ Kxh4
50.Qxf4+ Kh5 51.g4+ Kh4 52.g5+ Kh5 53.Qg4# 1-0

[Event "Washington Open Championship"]
[Site "Lynnwood, WA"]
[Date "2016.05.28"]
[Round "1"]
[White "Hasuike Mike  (OR)"]
[Black "Perkins Josiah  (OR)"]
[Result "0-1"]
[WhiteElo "1500"]
[BlackElo "1722"]
[Annotator ""]
[Source ""]
[Remark "Reserve"]

1.d4 e6 2.Nf3 c5 3.e3 Nf6 4.Bd3 Nc6 5.b3 cxd4 6.exd4 Qb6 7.Bb2
d5 8.a3 Bd6 9.Nbd2 O-O 10.O-O Qc7 11.Qe2 Ne7 12.Ne5 Ng6 13.Nxg6
fxg6 14.Nf3 Nh5 15.g3 Bd7 16.Ne5 Bxe5 17.Qxe5 Qb6 18.Rae1 Nf6
19.h3 Rae8 20.f4 Bb5 21.Bxb5 Qxb5 22.Qe2 Qc6 23.Qd3 Ne4 24.Rf3
Rc8 25.Rc1 g5 26.c4 Qe8 27.Kh2 Qh5 28.Rff1 g4 29.h4 g5 30.fxg5
Nxg5 31.Qe2 Nf3+ 32.Kg2 Qg6 33.cxd5 exd5 34.Qb5 Rc2+ 35.Rxc2
Qxc2+ 36.Rf2 Qxf2+ 0-1

[Event "Washington Open Championship"]
[Site "Lynnwood, WA"]
[Date "2016.05.28"]
[Round "1"]
[White "Piper August  (WA)"]
[Black "Lomboy Gilbert  (WA)"]
[Result "0-1"]
[WhiteElo "1500"]
[BlackElo "1776"]
[Annotator ""]
[Source ""]
[Remark "Reserve"]

1.g3 g6 2.Bg2 Bg7 3.Nf3 Nf6 4.O-O O-O 5.d4 d5 6.Nbd2 b6 7.b3
Bb7 8.Bb2 Re8 9.Re1 Nbd7 10.b4 a5 11.b5 c5 12.bxc6 Bxc6 13.a4
Qc7 14.Ra3 Rad8 15.c4 Ne4 16.Nxe4 dxe4 17.Nd2 f5 18.e3 e6 19.Qc2
Rc8 20.Rc1 e5 21.d5 Bxd5 22.Rc3 Bc6 23.Nb3 Bxa4 24.Qd2 Bf8 25.Ra1
Bc6 26.Ba3 Red8 27.Qe2 a4 28.Nd2 Nc5 29.Bf1 Qd7 30.Bxc5 Bxc5
31.Rd1 a3 32.Rcc1 Ba4 33.Nxe4 Bxd1 34.Nf6+ Kh8 35.Nxd7 Bxe2 36.Nxc5
Bxf1 37.Ne6 Re8 38.Ng5 Bxc4 0-1

[Event "Washington Open Championship"]
[Site "Lynnwood, WA"]
[Date "2016.05.28"]
[Round "1"]
[White "Baxter Brent  (WA)"]
[Black "Moore Michael  (OR)"]
[Result "1-0"]
[WhiteElo "1958"]
[BlackElo "1568"]
[Annotator ""]
[Source ""]
[Remark "Open"]

1.b3 e5 2.Bb2 Nc6 3.e3 Nf6 4.Bb5 Bd6 5.Na3 a6 6.Be2 Be7 7.Nc4
e4 8.d3 d5 9.Nd2 Bf5 10.g4 Bg6 11.Nh3 h6 12.Nf4 Bh7 13.h4 g5
14.hxg5 hxg5 15.Nh5 Qd6 16.dxe4 dxe4 17.Nc4 Qc5 18.Nxf6+ Bxf6
19.Bxf6 Rg8 20.Rxh7 b5 21.Nb2 Nb4 22.c3 Nd5 23.Qd4 Qxd4 24.Bxd4
c5 25.Bxc5 Nxc3 26.Rc1 Nd5 27.Rd1 O-O-O 28.a4 Nc3 29.Rxd8+ Rxd8
30.axb5 axb5 31.Rxf7 Rh8 32.Kd2 Nd5 33.Bxb5 Rd8 34.Ba6+ Kb8 35.Kc2 1-0

[Event "Washington Open Championship"]
[Site "Lynnwood, WA"]
[Date "2016.05.28"]
[Round "1"]
[White "Seshadri Sridhar  (WA)"]
[Black "McCoy Owen  (OR)"]
[Result "0-1"]
[WhiteElo "1642"]
[BlackElo "1977"]
[Annotator ""]
[Source ""]
[Remark "Open"]

1.d4 Nf6 2.Nf3 e6 3.g3 c5 4.c3 Nc6 5.e3 d5 6.Bg2 Bd6 7.O-O O-O
8.Nbd2 b6 9.Ng5 cxd4 10.exd4 Bd7 11.Re1 Qc7 12.Ndf3 b5 13.Bd2
a5 14.Nh3 Rab8 15.Rc1 Qa7 16.Bf4 Bxf4 17.Nxf4 b4 18.c4 dxc4 19.Rxc4
Ne7 20.Ne5 Bb5 21.Rc5 Nd7 22.Nxd7 Qxd7 23.Ree5 Rfd8 24.Bf3 Rb6
25.Qc1 Nf5 26.d5 Nd4 27.Bg4 Qd6 28.dxe6 f5 29.Red5 fxg4 30.Rxd6
Rbxd6 31.Rc8 g5 32.Rxd8+ Rxd8 33.Qc7 Nxe6 34.Qc1 gxf4 35.f3 Nd4
36.Qc5 Nxf3+ 37.Kh1 0-1

[Event "Washington Open Championship"]
[Site "Lynnwood, WA"]
[Date "2016.05.28"]
[Round "2"]
[White "Grabinsky Joshua  (OR)"]
[Black "Sohal Tanraj  (CAN)"]
[Result "0-1"]
[WhiteElo "2017"]
[BlackElo "2408"]
[Annotator ""]
[Source ""]
[Remark "Open"]

1.e4 c5 2.Nf3 e6 3.d4 cxd4 4.Nxd4 Nf6 5.f3 Nc6 6.c4 Bb4+ 7.Nc3
O-O 8.Nc2 Bxc3+ 9.bxc3 d5 10.exd5 exd5 11.Ne3 Be6 12.Be2 Qa5
13.cxd5 Nxd5 14.Nxd5 Bxd5 15.Bd2 Qc5 16.Rb1 Rfe8 17.Kf1 Rxe2 0-1